Parasitología clínica / (Record no. 49858)

MARC details
000 -LEADER
campo de control de longitud fija 00638nam a2200193 i 4500
001 - NÚMERO DE CONTROL
campo de control 49858
003 - IDENTIFICADOR DE NÚMERO DE CONTROL
campo de control ES-MaACL
005 - FECHA Y HORA DE LA ÚLTIMA TRANSACCIÓN
campo de control 20230906162057.0
007 - CAMPO FIJO DE DESCRIPCIÓN FÍSICA--INFORMACIÓN GENERAL
campo de control de longitud fija t|
008 - DATOS DE LONGITUD FIJA--INFORMACIÓN GENERAL
campo de control de longitud fija 030724s1974 sp ||||1| spa d
100 1# - ENTRADA PRINCIPAL--NOMBRE DE PERSONA
Nombre de persona Craig, Charles Franklin.
9 (RLIN) 41424
245 10 - MENCIÓN DEL TÍTULO
Título Parasitología clínica /
Mención de responsabilidad, etc. Craig y Faust. Ernest Carroll Faust... Paul Farr Russell... Rodney Clifton Jung.
260 ## - PUBLICACIÓN, DISTRIBUCIÓN, ETC.
Lugar de publicación, distribución, etc. Barcelona :
Nombre del editor, distribuidor, etc. Salvat,
Fecha de publicación, distribución, etc. [1974]
300 ## - DESCRIPCIÓN FÍSICA
Extensión VIII, 888 p. :
Otras características físicas il. ;
Dimensiones 26 cm.
700 1# - ENTRADA AGREGADA--NOMBRE PERSONAL
Nombre de persona Faust, Ernest Carroll.
9 (RLIN) 48980
700 1# - ENTRADA AGREGADA--NOMBRE PERSONAL
Nombre de persona Russell, Paul Farr.
9 (RLIN) 101045
700 1# - ENTRADA AGREGADA--NOMBRE PERSONAL
Nombre de persona Jung, Rodney Clifton.
9 (RLIN) 67289
852 ## - LOCALIZACIÓN
Ubicación ES-MaACL
Número de control de estantería C-55901
Sublocalización o colección R.88659
Holdings
Estatus retirado Estado de pérdida Estado de daño No para préstamo Biblioteca de origen Biblioteca actual Ubicación en estantería Fecha de adquisición Fuente de adquisición Total de préstamos Signatura topográfica completa Código de barras Visto por última vez Precio de reemplazo Tipo de ítem Koha
        Biblioteca del Ateneo de Madrid Biblioteca del Ateneo de Madrid Depósito 2 17/01/2008     C-55901 1052454 23/02/2023 23/02/2023 Libro impreso